Normal view
MARC view
Entry Personal Name
001 - CONTROL NUMBER
- control field: 20665
003 - CONTROL NUMBER IDENTIFIER
- control field: OSt
005 - DATE AND TIME OF LATEST TRANSACTION
- control field: 20230226194320.0
008 - FIXED-LENGTH DATA ELEMENTS
- fixed length control field: 230226|| aca||aabn | a|a d
040 ## - CATALOGING SOURCE
- Original cataloging agency: OSt
- Transcribing agency: OSt
100 ## - HEADING--PERSONAL NAME
- Personal name: ၸိုၼ်ႈၵွၼ်းလႆး (ၸႆးမၼ်ၼွၵ်)
670 ## - SOURCE DATA FOUND
- Source citation: Work cat.: (OSt): ၸိုၼ်ႈၵွၼ်းလႆး (ၸႆးမၼ်ၼွၵ်), ဢဝ်လႆးမိုဝ်လိဝ်ႁိၺ်းလိၵ်တႆးမိုဝ်ၼႆႉ (မသံတုဝ်), 1968